000 00454nam a2200181Ia 4500
001 8751
005 20260306160633.0
008 260306t2001||||xx |||||||||||||| ||spa||
041 _aESP
082 _a371.3028
_bN29
100 _aNavarrete Honderman , Reinel
_eAUT
245 0 _aEl trabajo intelectual:
_bun enfoque estratégico
260 _c2001
300 _a150 páginas :
_c20 cm.
650 _aGEN
654 _aCED
942 _cLIB
_dJUS
_fJUS
_2ddc
_n
999 _c8751
_d8751